Deutsche Literaturgeschichte I

Bibliographic Details
Main Author: Pfeiffer, Ingrid (Author)
Format: Book
Language:German
PhysicalDescription:96 s. 29 cm
Published: Banská Bystrica Univerzita Mateja Bela 1993
ISBN:808516213X
Edition:1. vyd.
Subjects:

MARC

LEADER 00000nam a2200000 a 4500
001 vtls008177814
003 SK-MaSNL
005 20260302074034.0
008 240318s1993 xo 000 0 ger
020 |a 808516213X 
035 |a SPKKN14230 
035 |a urn:nbn:sk:snk-amlm6g 
035 |a urn:nbn:sk:snk-am00brzh 
035 |a 5D059C6B-C566-41A5-B74D-D07384035659 
040 |a SNK  |b slo  |c SNK  |e AACR2 
041 |a ger 
044 |a xo  |c SK 
080 |a 830(091)(075.8)  |2 1981 
100 1 |a Pfeiffer, Ingrid  |4 aut  |9 739177 
245 1 0 |a Deutsche Literaturgeschichte I  |c Ingrid Pfeiffer 
250 |a 1. vyd. 
260 |a Banská Bystrica  |b Univerzita Mateja Bela  |c 1993 
300 |a 96 s.  |c 29 cm 
650 0 7 |a nemecká literatúra  |2 SNKPH  |9 1195 
655 7 |a učebnice vysokých škôl  |2 SNKPH  |9 70191 
919 |a 808516213X 
919 |a 80-85162-13-X 
958 |a OND 
999 |c 1163386  |d 1165316 
952 |t P60, <04>, [BOOK], {604}  |a SNK  |b SNK  |y VYP  |7 0  |p 17A0011173  |o snkSB 50129/1 D1  |0 0  |1 0  |4 0  |d 1996-09-25  |l 0  |r 2004-12-31 00:00:00  |w 2026-02-24 
952 |t P60, <03>, [BOOK], {603}  |a SNK  |b SNK  |y PREZ  |7 0  |p 17A0267527  |o snkSB 50129/1  |0 0  |1 0  |4 0  |d 2001-03-06  |f 1  |l 0  |r 2025-03-05 00:00:00  |w 2026-02-24